000 00906nam a22002777a 4500
999 _c20862
_d20862
001 14172747
003 OSt
005 20210325120138.0
008 170117b xxu||||| |||| 00| 0 eng d
010 _a 2005057725
020 _a0060595841
040 _aMMU
_cMMU
_dMMU
_beng
050 0 0 _aHQ769
_b.L394 2006
100 1 _aLevine, Madeline.
245 1 4 _aThe price of privilege :
_bhow parental pressure and material advantage are creating a generation of disconnected and unhappy kids /
_cMadeline Levine.
250 _a1st ed.
260 _aNew York :
_bHarperCollins,
_c2006.
300 _ax, 246 p. :
_c24 cm.
500 _aIncludes bibliographical references (p. [228]-236) and index.
650 0 _aChild rearing.
650 0 _aParenting.
650 0 _aWealth
_xPsychological aspects.
650 0 _aTeenagers
_xConduct of life.
650 0 _aAdolescent psychology.
942 _2lcc
_cLOAN LOAN